000
00403nam a2200145Ia 4500
008
100204s9999 xx 000 0 und d
082
_b
7803
100
_a
बिरादार बाबू
245
_a
कावड
260
_b
"श्रीविद्या प्रकाशन, पुणे"
_c
1982
300
_a
88
630
_a
कावड
730
_a
कावड
942
_c
BOOK
999
_c
452239
_d
452236